[Event "Hastings Challengers 1989/90"]
[Site "Hastings"]
[Date "1990.01.07"]
[Round "11"]
[White "Conquest, Stuart C"]
[Black "Gallagher, Joseph G"]
[Result "1-0"]
[WhiteElo "2515"]
[BlackElo "2445"]
[PlyCount "69"]
[EventDate "1989.12.28"]
[EventType "swiss"]
[EventRounds "10"]
[EventCountry "ENG"]
[SourceTitle "BritBase"]
[Source "John Saunders"]
[SourceDate "2024.12.03"]
[SourceVersion "1"]
[SourceVersionDate "2024.12.03"]
[SourceQuality "1"]

1. e4 c5 2. Nc3 Nc6 3. Nf3 e5 4. Bc4 d6 5. d3 Be7 6. Nd5 Nf6 7. c3 O-O 8. O-O Nxd5 9. Bxd5 Bf6 10. Be3 Qc7 11. Rc1 Ne7 12. Bc4 b6 13. d4 Bb7 14. d5 Bc8 15. Nd2 Ng6 16. g3 Bd7 17. Kh1 b5 18. Bd3 c4 19. Bb1 Bh3 20. Rg1 Qd7 21. g4 h5 22. gxh5 Nh4 23. Rg3 Kh8 24. Nf3 Qc8 25. Ng5 Bd7 26. Qe2 a5 27. f3 Be7 28. Rcg1 Qb8 29. f4 exf4 30. Bxf4 f5 31. Rh3 fxe4 32. Rxh4 Qd8 33. Qxe4 Bf5 34. Qg2 Bxb1 35. Ne6 1-0

[Event "Hastings Challengers 1989/90"]
[Site "Hastings"]
[Date "1990.01.07"]
[Round "11"]
[White "Farago, Ivan"]
[Black "McNab, Colin Anderson"]
[Result "1-0"]
[WhiteElo "2495"]
[BlackElo "2435"]
[PlyCount "105"]
[EventDate "1989.12.28"]
[EventType "swiss"]
[EventRounds "10"]
[EventCountry "ENG"]
[SourceTitle "BritBase"]
[Source "John Saunders"]
[SourceDate "2024.12.03"]
[SourceVersion "1"]
[SourceVersionDate "2024.12.03"]
[SourceQuality "1"]

1. d4 d6 2. Nf3 g6 3. c4 Bg7 4. Nc3 Nd7 5. e4 e5 6. Be2 Ngf6 7. O-O O-O 8. Be3 a5 9. Qc2 Ng4 10. Bg5 f6 11. Bd2 exd4 12. Nxd4 Nc5 13. h3 f5 14. Nb3 Nxb3 15. Qxb3 Ne5 16. exf5 gxf5 17. c5+ Kh8 18. cxd6 Qxd6 19. Rad1 Be6 20. Qc2 Qe7 21. Qc1 Qf7 22. Bf4 Ng6 23. Bh6 Bxh6 24. Qxh6 Rg8 25. Bf3 c6 26. Rfe1 Rae8 27. Bh5 Qg7 28. Qxg7+ Rxg7 29. Rd6 Rge7 30. Bxg6 hxg6 31. Re5 Bf7 32. Rxa5 Kg7 33. Kh2 Re5 34. Ra7 R8e7 35. a3 Rc5 36. Rd8 Kf6 37. g4 Rc4 38. Rb8 b5 39. Rxe7 Kxe7 40. Rb7+ Ke6 41. Kg3 Be8 42. Rb8 Bd7 43. f3 Rd4 44. Ne2 Rd2 45. Nf4+ Kd6 46. g5 Rxb2 47. Nxg6 Kc7 48. Rf8 c5 49. Nf4 c4 50. g6 Rb1 51. Kf2 Rb2+ 52. Ke3 c3 53. g7 1-0

[Event "Hastings Challengers 1989/90"]
[Site "Hastings"]
[Date "1990.01.07"]
[Round "11"]
[White "Fatin, Tarek"]
[Black "Sher, Miron Naumovich"]
[Result "1-0"]
[WhiteElo "2325"]
[BlackElo "2470"]
[PlyCount "87"]
[EventDate "1989.12.28"]
[EventType "swiss"]
[EventRounds "10"]
[EventCountry "ENG"]
[SourceTitle "BritBase"]
[Source "John Saunders"]
[SourceDate "2024.12.03"]
[SourceVersion "1"]
[SourceVersionDate "2024.12.03"]
[SourceQuality "1"]

1. c4 e5 2. g3 Nf6 3. Bg2 d5 4. cxd5 Nxd5 5. Nc3 Nb6 6. Nf3 Nc6 7. O-O Be7 8. d3 O-O 9. Be3 Be6 10. Qc1 f6 11. Nd2 Qd7 12. Re1 f5 13. Nb3 Nd4 14. Na5 c6 15. b3 f4 16. Bd2 f3 17. exf3 Nxf3+ 18. Bxf3 Rxf3 19. Nc4 Bf6 20. Nxe5 Bxe5 21. Rxe5 Rxd3 22. Ne4 Bd5 23. Bc3 Qg4 24. Rg5 Qxe4 25. Rxg7+ Kf8 26. Qa3+ Ke8 27. Re1 Qxe1+ 28. Bxe1 Bf7 29. Rxh7 Rd1 30. Qb4 Rad8 31. Rh8+ Kd7 32. Rxd8+ Kxd8 33. Qf8+ Be8 34. Kf1 Nd7 35. Qh8 Rd5 36. h4 Ke7 37. Bc3 Bf7 38. Bd4 Rh5 39. Qc8 Rb5 40. Qc7 a5 41. f3 a4 42. g4 axb3 43. axb3 Rxb3 44. Bc5+ {Sources: bulletin; BCM, March 1990, p92} 1-0

[Event "Hastings Challengers 1989/90"]
[Site "Hastings"]
[Date "1990.01.07"]
[Round "11"]
[White "Flear, Glenn C"]
[Black "Wolff, Patrick G"]
[Result "0-1"]
[WhiteElo "2435"]
[BlackElo "2505"]
[PlyCount "72"]
[EventDate "1989.12.28"]
[EventType "swiss"]
[EventRounds "10"]
[EventCountry "ENG"]
[SourceTitle "BritBase"]
[Source "John Saunders"]
[SourceDate "2024.12.03"]
[SourceVersion "1"]
[SourceVersionDate "2024.12.03"]
[SourceQuality "1"]

1. d4 Nf6 2. c4 c5 3. d5 b5 4. cxb5 a6 5. e3 axb5 6. Bxb5 Qa5+ 7. Nc3 Bb7 8. Nge2 Bxd5 9. O-O Bc6 10. a4 e6 11. Ng3 d5 12. e4 d4 13. e5 Nfd7 14. Bxc6 Nxc6 15. Nb5 Be7 16. Qg4 g6 17. Qe4 Qb6 18. Bh6 Rg8 19. b4 cxb4 20. Nxd4 Qxd4 21. Qxc6 Qd5 22. Qxd5 exd5 23. Rfd1 Ra5 24. Rac1 Nxe5 25. Rc8+ Bd8 26. Rb8 Nc6 27. Rb7 Bf6 28. Re1+ Kd8 29. Rxf7 Be7 30. Ne2 Rxa4 31. Nf4 b3 32. Kf1 b2 33. Nd3 Ne5 34. Rxe7 Nxd3 35. Rb7 Nxe1 36. Rxb2 Re8 0-1

[Event "Hastings Challengers 1989/90"]
[Site "Hastings"]
[Date "1990.01.07"]
[Round "11"]
[White "Hansen, Mads Smith"]
[Black "Bykhovsky, Avigdor"]
[Result "0-1"]
[WhiteElo "2280"]
[BlackElo "2485"]
[PlyCount "100"]
[EventDate "1989.12.28"]
[EventType "swiss"]
[EventRounds "10"]
[EventCountry "ENG"]
[SourceTitle "BritBase"]
[Source "John Saunders"]
[SourceDate "2024.12.03"]
[SourceVersion "1"]
[SourceVersionDate "2024.12.03"]
[SourceQuality "1"]

1. c4 e6 2. Nf3 d5 3. b3 Nf6 4. g3 a5 5. Bg2 a4 6. O-O Nc6 7. bxa4 Be7 8. Bb2 O-O 9. Na3 Nd7 10. cxd5 exd5 11. Rc1 Nb6 12. Nb5 Nxa4 13. Ba1 Nc5 14. Qc2 Ne6 15. Nfd4 Ncxd4 16. Nxd4 Nxd4 17. Bxd4 c6 18. Qc3 f6 19. Ra1 Ra3 20. Qc2 Qa5 21. Bc3 Qc5 22. Qb2 Rd8 23. Rfb1 Qa7 24. d3 b5 25. Rc1 Ra4 26. Rc2 Be6 27. Bd2 c5 28. Bc1 b4 29. Qb1 c4 30. dxc4 dxc4 31. Be3 Qa6 32. Rc1 f5 33. Rd1 b3 34. Rxd8+ Bxd8 35. Qd1 Bf6 36. Bd4 Qd6 37. e3 Rxa2 38. Rxa2 bxa2 39. Qa4 Bxd4 40. exd4 Kf7 41. d5 Bxd5 42. Bxd5+ Qxd5 43. Qxa2 Qc5 44. h4 Ke7 45. Qa6 c3 46. Qb7+ Kf6 47. Qa6+ Ke5 48. Qe2+ Kd6 49. Qe8 c2 50. Qf8+ Kc6 0-1

[Event "Hastings Challengers 1989/90"]
[Site "Hastings"]
[Date "1990.01.07"]
[Round "11"]
[White "Kosten, Anthony C"]
[Black "Kaidanov, Gregory S"]
[Result "1-0"]
[WhiteElo "2500"]
[BlackElo "2500"]
[PlyCount "121"]
[EventDate "1989.12.28"]
[EventType "swiss"]
[EventRounds "10"]
[EventCountry "ENG"]
[SourceTitle "BritBase"]
[Source "John Saunders"]
[SourceDate "2024.12.03"]
[SourceVersion "1"]
[SourceVersionDate "2024.12.03"]
[SourceQuality "1"]

1. e4 e5 2. Nf3 Nc6 3. Bc4 Nf6 4. d3 Bc5 5. O-O d6 6. c3 a6 7. d4 Ba7 8. dxe5 dxe5 9. Qxd8+ Nxd8 10. Nxe5 Nxe4 11. Nd2 Nd6 12. Bb3 Be6 13. Re1 O-O 14. Ndf3 Bxb3 15. axb3 Ne6 16. Be3 Bxe3 17. Rxe3 a5 18. Rae1 Nc5 19. Nd4 Rfe8 20. f4 f6 21. Nc4 Rxe3 22. Rxe3 Nxc4 23. bxc4 Kf7 24. Nb5 Rd8 25. Nd4 Na4 26. b3 Nc5 27. Kf2 Rd6 28. Re2 Rb6 29. Nb5 Rc6 30. Nd4 Rb6 31. Nb5 Nxb3 32. Nxc7 a4 33. Nb5 g6 34. Ra2 Ra6 35. Rb2 f5 36. Nd4 Nc5 37. Ke3 Ke7 38. Nb5 Re6+ 39. Kd4 b6 40. Nc7 Re4+ 41. Kd5 Nb3 42. Ra2 Rxf4 43. Rxa4 Rf2 44. Kc6 Rxg2 45. Nd5+ Kf8 46. Kxb6 Rd2 47. h4 Rd3 48. Ra8+ Kg7 49. Ra7+ Kh6 50. Kc6 Nd2 51. c5 Nc4 52. Kb5 Ne5 53. Nf6 g5 54. Re7 Kg6 55. hxg5 Kxg5 56. Nxh7+ Kf4 57. Nf6 Rh3 58. c6 Ng6 59. Nd5+ Kg5 60. Rg7 Rh8 61. c7 {Sources: bulletin; (moves 41-end) BCM, March 1990, p91} 1-0

[Event "Hastings Challengers 1989/90"]
[Site "Hastings"]
[Date "1990.01.07"]
[Round "11"]
[White "Sahl, Bjarke Barth"]
[Black "Coleman, David J"]
[Result "1-0"]
[WhiteElo "2385"]
[BlackElo "2295"]
[PlyCount "57"]
[EventDate "1989.12.28"]
[EventType "swiss"]
[EventRounds "10"]
[EventCountry "ENG"]
[SourceTitle "BritBase"]
[Source "John Saunders"]
[SourceDate "2024.12.03"]
[SourceVersion "1"]
[SourceVersionDate "2024.12.03"]
[SourceQuality "1"]

1. Nf3 Nf6 2. d4 g6 3. g3 Bg7 4. Bg2 O-O 5. O-O d6 6. b3 c6 7. Bb2 Bg4 8. Nbd2 Qc8 9. Re1 Nfd7 10. h3 Bxf3 11. Nxf3 c5 12. c4 Nc6 13. Qd2 cxd4 14. Nxd4 Nxd4 15. Bxd4 Bxd4 16. Qxd4 Ne5 17. Rad1 Nc6 18. Qe3 Kg7 19. Bxc6 bxc6 20. Qxe7 Qxh3 21. Qxd6 Rac8 22. Rd4 Qf5 23. Rf4 Qa5 24. Rd1 Qxa2 25. Qf6+ Kg8 26. Rd7 Qa6 27. Kg2 Ra8 28. Rxf7 Rxf7 29. Qxf7+ 1-0

[Event "Hastings Challengers 1989/90"]
[Site "Hastings"]
[Date "1990.01.07"]
[Round "11"]
[White "Ward, Christopher G"]
[Black "Smagin, Sergey"]
[Result "0-1"]
[WhiteElo "2380"]
[BlackElo "2535"]
[PlyCount "96"]
[EventDate "1989.12.28"]
[EventType "swiss"]
[EventRounds "10"]
[EventCountry "ENG"]
[SourceTitle "BritBase"]
[Source "John Saunders"]
[SourceDate "2024.12.03"]
[SourceVersion "1"]
[SourceVersionDate "2024.12.03"]
[SourceQuality "1"]

1. c4 Nf6 2. Nc3 e5 3. g3 Bb4 4. Bg2 O-O 5. Nf3 Re8 6. O-O Bxc3 7. bxc3 d6 8. d3 h6 9. e4 c6 10. a4 Na6 11. Nd2 Nc5 12. Nb3 Nxb3 13. Qxb3 Nd7 14. Qc2 Nc5 15. d4 Ne6 16. Qd3 c5 17. d5 Nf8 18. Bd2 Ng6 19. Rae1 Bd7 20. f4 exf4 21. gxf4 Bxa4 22. e5 dxe5 23. f5 Nf4 24. Bxf4 exf4 25. Rxe8+ Qxe8 26. Rxf4 Qe1+ 27. Rf1 Qe5 28. f6 Re8 29. fxg7 Kxg7 30. d6 Bc6 31. Bxc6 bxc6 32. d7 Rd8 33. Kh1 Kf8 34. Qh3 Qe4+ 35. Kg1 Ke7 36. Rd1 Rg8+ 37. Kf1 Kd8 38. Rd2 Qxc4+ 39. Kf2 Qf4+ 40. Ke2 Qe4+ 41. Kf2 Rg6 42. Qf3 Qh4+ 43. Ke2 Re6+ 44. Kd1 Qa4+ 45. Kc1 Qa1+ 46. Kc2 Qa2+ 47. Kc1 Re1+ 48. Rd1 Qa1+ 0-1

[Event "Hastings Masters 1989/90"]
[Site "Hastings"]
[Date "1990.01.??"]
[Round "?"]
[White "Conquest, Stuart C"]
[Black "Hebden, Mark L"]
[Result "0-1"]
[WhiteElo "2515"]
[BlackElo "2520"]
[PlyCount "142"]
[EventDate "1990.01.09"]
[EventType "schev"]
[EventRounds "9"]
[EventCountry "ENG"]
[SourceTitle "BritBase"]
[Source "John Saunders"]
[SourceDate "2024.12.03"]
[SourceVersion "1"]
[SourceVersionDate "2024.12.03"]
[SourceQuality "1"]

1. e4 e5 2. Nf3 Nc6 3. Bb5 a6 4. Ba4 Nf6 5. O-O Be7 6. Re1 b5 7. Bb3 O-O 8. d4 d6 9. c3 Bg4 10. d5 Na5 11. Bc2 c6 12. h3 Bc8 13. dxc6 Qc7 14. Nbd2 Qxc6 15. Nf1 Nc4 16. a4 Be6 17. Ng3 Rfe8 18. Ng5 Bd7 19. b3 Nb6 20. a5 Nc8 21. Bd2 h6 22. Nf3 Bf8 23. Nh2 Ne7 24. Ng4 Nxg4 25. hxg4 Rad8 26. Qf3 d5 27. exd5 Qxd5 28. Ne4 Qe6 29. Rad1 Bc6 30. Qg3 Ng6 31. g5 h5 32. Bc1 Rxd1 33. Bxd1 Nf4 34. Bc2 Qg4 35. Qxg4 hxg4 36. Be3 Be7 37. b4 Rc8 38. g3 Nd5 39. Bc5 Bxc5 40. Nxc5 Nxc3 41. Bf5 Rd8 42. Bxg4 Rd4 43. Bf5 g6 44. Bd3 Na2 45. Rxe5 Nxb4 46. Be2 Rd2 47. f3 Ra2 48. Ne4 Bxe4 49. Rxe4 Nc6 50. Kf2 Rxa5 51. f4 Ra2 52. g4 Kf8 53. Ke3 Rb2 54. f5 a5 55. fxg6 fxg6 56. Rf4+ Ke7 57. Rf6 Ne5 58. Rb6 a4 59. Ra6 Kd7 60. Bf1 Rb4 61. Kd2 Rb3 62. Kc2 Nc6 63. Ra8 Nd4+ 64. Kd2 Kc7 65. Bd3 Nf3+ 66. Ke2 Ne5 67. Be4 a3 68. Bd5 Rg3 69. Ra6 b4 70. Re6 b3 71. Bxb3 Nc6 0-1

[Event "Hastings Masters 1989/90"]
[Site "Hastings"]
[Date "1990.01.??"]
[Round "?"]
[White "Conquest, Stuart C"]
[Black "Gallagher, Joseph G"]
[Result "0-1"]
[WhiteElo "2515"]
[BlackElo "2445"]
[PlyCount "120"]
[EventDate "1990.01.09"]
[EventType "schev"]
[EventRounds "9"]
[EventCountry "ENG"]
[SourceTitle "BritBase"]
[Source "John Saunders"]
[SourceDate "2024.12.03"]
[SourceVersion "1"]
[SourceVersionDate "2024.12.03"]
[SourceQuality "1"]

1. e4 c5 2. Nf3 d6 3. d4 cxd4 4. Nxd4 Nf6 5. Nc3 a6 6. Be2 e5 7. Nb3 Be7 8. O-O O-O 9. Be3 Be6 10. Nd5 Nbd7 11. Qd3 Rc8 12. c4 Ne8 13. Qd2 b6 14. Rac1 a5 15. a4 Nc5 16. Nxc5 dxc5 17. f4 Bxd5 18. cxd5 Bf6 19. f5 Nd6 20. Bd3 c4 21. Bb1 b5 22. axb5 Nxb5 23. Kh1 h6 24. Qe2 Nd6 25. Rc3 Rb8 26. Bc1 Rb3 27. Bc2 Rxc3 28. bxc3 Qc7 29. Ba3 Rb8 30. Bxd6 Qxd6 31. Qxc4 Rb2 32. Ba4 Be7 33. Bc6 h5 34. h3 Qf6 35. Qd3 Qg5 36. Qf3 Bc5 37. Kh2 Rc2 38. Rd1 Rd2 39. Rxd2 Qxd2 40. Bb5 Qe1 41. Qe2 Qg1+ 42. Kg3 Qc1 43. Qf1 Qxc3+ 44. Kh2 h4 45. Qd1 Qg3+ 46. Kh1 Bd6 47. Qd2 Qa3 48. Kh2 Bc5 49. Qg5 Bf2 50. Bf1 Qg3+ 51. Qxg3 hxg3+ 52. Kh1 a4 53. d6 Kf8 54. Bc4 f6 55. h4 a3 56. h5 Ke8 57. Be6 Kd8 58. d7 Be3 59. Ba2 Kxd7 60. Be6+ Kd6 0-1

[Event "Hastings Masters 1989/90"]
[Site "Hastings"]
[Date "1990.01.??"]
[Round "?"]
[White "Conquest, Stuart C"]
[Black "Smagin, Sergey"]
[Result "1/2-1/2"]
[WhiteElo "2515"]
[BlackElo "2535"]
[PlyCount "139"]
[EventDate "1990.01.09"]
[EventType "schev"]
[EventRounds "9"]
[EventCountry "ENG"]
[SourceTitle "BritBase"]
[Source "John Saunders"]
[SourceDate "2024.12.03"]
[SourceVersion "1"]
[SourceVersionDate "2024.12.03"]
[SourceQuality "1"]

1. d4 Nf6 2. c4 e6 3. Nf3 d5 4. Nc3 c6 5. Bg5 Nbd7 6. e3 Qa5 7. cxd5 Nxd5 8. Qd2 Bb4 9. Rc1 O-O 10. Bd3 h6 11. Bh4 e5 12. O-O exd4 13. exd4 Re8 14. Bb1 Nf8 15. Ne5 Be6 16. Qc2 Ne7 17. Ne4 Nf5 18. a3 Nxd4 19. axb4 Qxe5 20. Qd1 Nf5 21. f4 Qxb2 22. Bf2 Rad8 23. Qa4 Nd4 24. Kh1 Bd5 25. Ng3 Ne2 26. Rc2 Nxg3+ 27. hxg3 Qf6 28. Qxa7 b5 29. Kg1 Bc4 30. Rfc1 Rd7 31. Qa3 Red8 32. Qf3 Rd3 33. Qg4 Ne6 34. Kh2 Rd2 35. Rxd2 Rxd2 36. Be1 Be2 37. Qh4 Qxh4+ 38. gxh4 Rd6 39. f5 Nd4 40. Bg3 Rd7 41. Bf2 Bg4 42. Rc5 h5 43. Be4 Re7 44. Bd3 Rd7 45. Be4 Be2 46. Bxc6 Nxc6 47. Rxc6 f6 48. Bc5 Rd5 49. Rc8+ Kh7 50. Rc7 Rxf5 51. Bf8 Kg8 52. Bxg7 Rf4 53. g3 Rxb4 54. Bxf6 Rb1 55. Kg2 b4 56. Rc2 Bf1+ 57. Kf3 Bh3 58. Be5 Re1 59. Kf4 b3 60. Rb2 Be6 61. Rd2 Kf7 62. Rd6 Rf1+ 63. Ke3 Re1+ 64. Kf4 Bg4 65. Rb6 Bd1 66. Bc3 Rf1+ 67. Ke4 Bc2+ 68. Kd5 Rd1+ 69. Kc4 Rf1 70. Rb5 1/2-1/2

[Event "Hastings Masters 1989/90"]
[Site "Hastings"]
[Date "1990.01.??"]
[Round "?"]
[White "Farago, Ivan"]
[Black "Janjgava, Lasha"]
[Result "1/2-1/2"]
[WhiteElo "2495"]
[BlackElo "2470"]
[PlyCount "30"]
[EventDate "1990.01.09"]
[EventType "schev"]
[EventRounds "9"]
[EventCountry "ENG"]
[SourceTitle "BritBase"]
[Source "John Saunders"]
[SourceDate "2024.12.03"]
[SourceVersion "1"]
[SourceVersionDate "2024.12.03"]
[SourceQuality "1"]

1. d4 Nf6 2. c4 g6 3. Nc3 d5 4. Nf3 Bg7 5. Bf4 c5 6. dxc5 Qa5 7. Nd2 dxc4 8. e4 Be6 9. Qa4+ Qxa4 10. Nxa4 Nbd7 11. f3 Rc8 12. Be3 b5 13. cxb6 axb6 14. Nc3 O-O 15. Be2 Ne8 1/2-1/2

[Event "Hastings Masters 1989/90"]
[Site "Hastings"]
[Date "1990.01.??"]
[Round "?"]
[White "Farago, Ivan"]
[Black "Hebden, Mark L"]
[Result "1-0"]
[WhiteElo "2495"]
[BlackElo "2520"]
[PlyCount "63"]
[EventDate "1990.01.09"]
[EventType "schev"]
[EventRounds "9"]
[EventCountry "ENG"]
[SourceTitle "BritBase"]
[Source "John Saunders"]
[SourceDate "2024.12.03"]
[SourceVersion "1"]
[SourceVersionDate "2024.12.03"]
[SourceQuality "1"]

1. d4 Nf6 2. c4 g6 3. Nc3 Bg7 4. e4 d6 5. Be2 O-O 6. Bg5 Nc6 7. d5 Ne5 8. Qd2 c6 9. Nf3 Ned7 10. Nd4 Nc5 11. f3 Qb6 12. Be3 a5 13. O-O Bd7 14. Nb3 Bh6 15. Nxc5 Bxe3+ 16. Qxe3 cxd5 17. e5 Nh5 18. exd6 Rfc8 19. Nxd5 Qxc5 20. Qxc5 Rxc5 21. Nb6 Nf4 22. Nxa8 Nxe2+ 23. Kf2 Nf4 24. Nb6 Nd3+ 25. Kg1 Rc6 26. Nxd7 Rxd6 27. Nb8 Kf8 28. c5 Nxc5 29. Rac1 Ne6 30. Rfd1 Nd4 31. Kf2 e5 32. Rc7 1-0

[Event "Hastings Masters 1989/90"]
[Site "Hastings"]
[Date "1990.01.??"]
[Round "?"]
[White "Farago, Ivan"]
[Black "Conquest, Stuart C"]
[Result "1-0"]
[WhiteElo "2495"]
[BlackElo "2515"]
[PlyCount "89"]
[EventDate "1990.01.09"]
[EventType "schev"]
[EventRounds "9"]
[EventCountry "ENG"]
[SourceTitle "BritBase"]
[Source "John Saunders"]
[SourceDate "2024.12.03"]
[SourceVersion "1"]
[SourceVersionDate "2024.12.03"]
[SourceQuality "1"]

1. d4 d6 2. Nf3 g6 3. c4 Bg7 4. Nc3 Nd7 5. e4 e5 6. Be2 Ngf6 7. O-O O-O 8. Be3 Ng4 9. Bg5 f6 10. Bh4 Nh6 11. Qd2 Nf7 12. Rad1 c6 13. h3 a5 14. Qc2 Qe7 15. c5 dxc5 16. dxe5 b5 17. exf6 Bxf6 18. Bg3 a4 19. Rfe1 Nfe5 20. Nh2 Bh4 21. Bxh4 Qxh4 22. Bg4 c4 23. g3 Qe7 24. Re2 Nc5 25. Bxc8 Raxc8 26. f4 Ned3 27. Nf3 Rcd8 28. e5 Nb4 29. Qc1 Rd3 30. Rxd3 cxd3 31. Rf2 Nc2 32. Ne1 Nd4 33. Qe3 Nf5 34. Qf3 Rd8 35. Rd2 b4 36. Ne4 Nxe4 37. Qxe4 Nxg3 38. Qc4+ Kg7 39. Rxd3 Rxd3 40. Nxd3 Qh4 41. Qxc6 Ne2+ 42. Kf1 Nxf4 43. Qf6+ Qxf6 44. exf6+ Kxf6 45. Nxf4 1-0

[Event "Hastings Masters 1989/90"]
[Site "Hastings"]
[Date "1990.01.??"]
[Round "?"]
[White "Farago, Ivan"]
[Black "Levitt, Jonathan P"]
[Result "0-1"]
[WhiteElo "2495"]
[BlackElo "2480"]
[PlyCount "66"]
[EventDate "1990.01.09"]
[EventType "schev"]
[EventRounds "9"]
[EventCountry "ENG"]
[SourceTitle "BritBase"]
[Source "John Saunders"]
[SourceDate "2024.12.03"]
[SourceVersion "1"]
[SourceVersionDate "2024.12.03"]
[SourceQuality "1"]

1. d4 Nf6 2. c4 e6 3. Nf3 b6 4. a3 Bb7 5. Nc3 d5 6. cxd5 Nxd5 7. Qc2 Nxc3 8. bxc3 c5 9. e4 Nd7 10. Bf4 cxd4 11. cxd4 Rc8 12. Qb3 Be7 13. Bd3 Nf6 14. Qb5+ Qd7 15. Qb1 O-O 16. Bd2 h6 17. O-O Qa4 18. Bb4 Rfe8 19. Rd1 Ba6 20. Bxa6 Qxa6 21. d5 exd5 22. exd5 Qb7 23. d6 Bf8 24. Qb3 Qd7 25. a4 Ne4 26. Qd5 a5 27. Ne5 Rxe5 28. Qxe5 Re8 29. Qd4 axb4 30. Qxb4 Bxd6 31. Qxb6 Qe7 32. Re1 Qe5 33. g3 Bc5 0-1

[Event "Hastings Masters 1989/90"]
[Site "Hastings"]
[Date "1990.01.??"]
[Round "8"]
[White "Gallagher, Joseph G"]
[Black "Sher, Miron Naumovich"]
[Result "1-0"]
[WhiteElo "2445"]
[BlackElo "2470"]
[PlyCount "61"]
[EventDate "1990.01.09"]
[EventType "schev"]
[EventRounds "9"]
[EventCountry "ENG"]
[SourceTitle "BritBase"]
[Source "John Saunders"]
[SourceDate "2024.12.03"]
[SourceVersion "1"]
[SourceVersionDate "2024.12.03"]
[SourceQuality "1"]

1. e4 c5 2. Nf3 d6 3. d4 Nf6 4. Nc3 cxd4 5. Nxd4 Nc6 6. Bg5 e6 7. Qd2 a6 8. O-O-O h6 9. Be3 Be7 10. f4 Nxd4 11. Bxd4 b5 12. Bd3 Bb7 13. Rhe1 O-O 14. Kb1 b4 15. Na4 Bc6 16. Nb6 Rb8 17. Nc4 d5 18. Ne5 Ba8 19. exd5 Nxd5 20. Ka1 a5 21. f5 exf5 22. Bxf5 Bg5 23. Qf2 g6 24. Be4 Be7 25. Rf1 Qe8 26. Qg3 Bd6 27. Rde1 Ne7 28. Ng4 f5 29. Nxh6+ Kh7 30. Qh3 Bxe4 31. Nxf5+ 1-0

[Event "Hastings Masters 1989/90"]
[Site "Hastings"]
[Date "1990.01.??"]
[Round "?"]
[White "Gallagher, Joseph G"]
[Black "Farago, Ivan"]
[Result "1/2-1/2"]
[WhiteElo "2445"]
[BlackElo "2495"]
[PlyCount "52"]
[EventDate "1990.01.09"]
[EventType "schev"]
[EventRounds "9"]
[EventCountry "ENG"]
[SourceTitle "BritBase"]
[Source "John Saunders"]
[SourceDate "2024.12.03"]
[SourceVersion "1"]
[SourceVersionDate "2024.12.03"]
[SourceQuality "1"]

1. e4 e6 2. d4 d5 3. Nc3 Bb4 4. e5 Ne7 5. a3 Bxc3+ 6. bxc3 c5 7. Qg4 O-O 8. Bd3 f5 9. exf6 Rxf6 10. Qh5 h6 11. Nf3 Nbc6 12. O-O c4 13. Be2 Qa5 14. Bd2 Bd7 15. Ne5 Be8 16. Qg4 Ng6 17. Nxc6 Bxc6 18. Qg3 Raf8 19. Bg4 Qa4 20. Ra2 Bd7 21. h4 Qc6 22. Raa1 Qa4 23. Ra2 Qc6 24. Raa1 Qa4 25. Bd1 Be8 26. Ra2 Nf4 1/2-1/2

[Event "Hastings Masters 1989/90"]
[Site "Hastings"]
[Date "1990.01.??"]
[Round "?"]
[White "Gallagher, Joseph G"]
[Black "Wolff, Patrick G"]
[Result "1/2-1/2"]
[WhiteElo "2445"]
[BlackElo "2505"]
[PlyCount "38"]
[EventDate "1990.01.09"]
[EventType "schev"]
[EventRounds "9"]
[EventCountry "ENG"]
[SourceTitle "BritBase"]
[Source "John Saunders"]
[SourceDate "2024.12.03"]
[SourceVersion "1"]
[SourceVersionDate "2024.12.03"]
[SourceQuality "1"]

1. e4 d6 2. d4 Nf6 3. Nc3 g6 4. Nf3 Bg7 5. Be2 c6 6. O-O Qc7 7. Bf4 Nbd7 8. Qd2 e5 9. Bh6 O-O 10. a4 Re8 11. Bxg7 Kxg7 12. a5 Nf8 13. Rfd1 Bg4 14. h3 Bxf3 15. Bxf3 Ne6 16. Ne2 Rad8 17. Qe3 a6 18. c3 h6 19. h4 Qe7 1/2-1/2

[Event "Hastings Masters 1989/90"]
[Site "Hastings"]
[Date "1990.01.??"]
[Round "?"]
[White "Gallagher, Joseph G"]
[Black "Lane, Gary William"]
[Result "1-0"]
[WhiteElo "2445"]
[BlackElo "2385"]
[PlyCount "109"]
[EventDate "1990.01.09"]
[EventType "schev"]
[EventRounds "9"]
[EventCountry "ENG"]
[SourceTitle "BritBase"]
[Source "John Saunders"]
[SourceDate "2024.12.03"]
[SourceVersion "1"]
[SourceVersionDate "2024.12.03"]
[SourceQuality "1"]

1. e4 e5 2. f4 exf4 3. Nf3 d6 4. Bc4 h6 5. d3 g5 6. g3 Bh3 7. Nd4 d5 8. exd5 Bg7 9. c3 Bxd4 10. cxd4 Bg2 11. Rg1 f3 12. Be3 Nf6 13. Nc3 O-O 14. Qd2 Re8 15. O-O-O Ng4 16. Rge1 Nd7 17. Bg1 Ndf6 18. h4 Rxe1 19. Rxe1 Nh5 20. Ne4 gxh4 21. gxh4 Qxh4 22. d6 cxd6 23. Nxd6 f2 24. Bxf2 Qxf2 25. Bxf7+ Kf8 26. Bxh5 Qxd2+ 27. Kxd2 Nf6 28. Bd1 h5 29. Re6 Ng4 30. Bb3 Rd8 31. Rg6 Ke7 32. Nf5+ Kd7 33. Rg7+ Kc8 34. Rh7 Nf6 35. Rh6 Rf8 36. Ng7 Nd5 37. Bxd5 Bxd5 38. Rxh5 Bxa2 39. Ra5 Bg8 40. Rxa7 Kc7 41. Ra5 Rd8 42. Kc3 Kb6 43. Rc5 Bd5 44. Nf5 Be6 45. Ne3 Bf7 46. Rf5 Bg8 47. Rc5 Bf7 48. Nc4+ Ka7 49. b4 Bg8 50. b5 Bd5 51. b6+ Kb8 52. Rc7 Bg2 53. Ne5 Bh1 54. Nd7+ Ka8 55. Rc5 1-0

[Event "Hastings Masters 1989/90"]
[Site "Hastings"]
[Date "1990.01.??"]
[Round "?"]
[White "Hebden, Mark L"]
[Black "Lane, Gary William"]
[Result "1-0"]
[WhiteElo "2520"]
[BlackElo "2385"]
[PlyCount "63"]
[EventDate "1990.01.09"]
[EventType "schev"]
[EventRounds "9"]
[EventCountry "ENG"]
[SourceTitle "BritBase"]
[Source "John Saunders"]
[SourceDate "2024.12.03"]
[SourceVersion "1"]
[SourceVersionDate "2024.12.03"]
[SourceQuality "1"]

1. d4 Nf6 2. Nf3 g6 3. Nc3 d5 4. Bf4 Bg7 5. e3 O-O 6. Be2 Bg4 7. Ne5 Bxe2 8. Qxe2 e6 9. h4 c5 10. dxc5 Nh5 11. Bh2 Qxh4 12. O-O-O Qb4 13. Nd3 Qc4 14. Bd6 Rd8 15. Rxh5 gxh5 16. Qxh5 Rxd6 17. cxd6 Nd7 18. Rh1 h6 19. Qh4 Qxh4 20. Rxh4 Rc8 21. Rb4 b6 22. Nb5 a6 23. Nc7 a5 24. Rh4 Bf8 25. Nb5 Rd8 26. e4 Nc5 27. Nxc5 bxc5 28. exd5 Bxd6 29. Nxd6 Rxd6 30. dxe6 Rxe6 31. Kd2 Kg7 32. Rh5 1-0